000 00727nam a2200253Ia 4500
003 OSt
005 20220928101610.0
006 a|||||r|||| 00| 0
007 ta
008 220927b |||||||| |||| 00| 0 hin d
020 _c1895
024 _a120266
037 _b65, 18/10/2013, Vidyanidhi Prakashan
_cTextual
040 _aSDCL
_cSDCL
_bhin
041 _2hin
_ahin
082 _aQ1:24, Q3
100 _aShriyogmaya Prambha
_9392323
245 0 _aUpanistasu pranavidya
260 _aDelhi
_bParatibha Prakashan
_c2013
300 _a1;556p
_ccm.
650 _aSanskrit
_9391587
942 _hQ1:24, Q3
_cTEXL
_2CC
999 _c708086
_d708086